| 000 | 00665nam a22002172 4500 | ||
|---|---|---|---|
| 001 | 0000002991 | ||
| 005 | 20151217145732.0 | ||
| 008 | 070425s xx 000 0 eng d | ||
| 020 | _a0137512236 : | ||
| 040 |
_aKABU _cKABU |
||
| 050 | 0 |
_aHG4011 _b.V36 1998 |
|
| 100 | 1 |
_aVan Horne, James C. _@0000152552 |
|
| 245 | 1 | 0 |
_aFinancial management and policy / _cJames C. Van Horne. |
| 250 | _a11th ed. | ||
| 260 |
_aUpper Saddle River, New Jersey : _bPrentice Hall, _cc1998. |
||
| 300 |
_axix, 780 p. : _bill. ; _c26 cm. |
||
| 650 | 0 |
_aCorperations _xFinance. _@0000152553 |
|
| 908 | _a070425 | ||
| 950 | _@1 | ||
| 999 |
_c2063 _d2063 |
||